MARC details
| 000 - LÍDER |
| campo de control de longitud fija |
01330nam a2200241Ia 4500 |
| 008 - ELEMENTOS DE DATOS DE LONGITUD FIJA - INFORMACIÓN GENERAL |
| campo de control de longitud fija |
0000002017 sp a 0000000000spa00 |
| 020 ## - INTERNATIONAL STANDARD BOOK NUMBER |
| International Standard Book Number |
9788470756443 |
| 090 ## - NÚMERO DE LLAMADA DE TIPO LC LOCALMENTE ASIGNADO (OCLC) |
| Número de clasificación (OCLC) (R) |
PSP00 S84e2 |
| 110 1# - ENTRADA PRINCIPAL - NOMBRE CORPORATIVO |
| Nombre corporativo o nombre de jurisdicción como elemento de entrada |
Fundación Juan March. Madrid |
| 245 10 - TÍTULO DECLARACIÓN |
| Título |
Esteban Lisa |
| Resto del título |
: el gabinete abstracto, programa de mano |
| Declaración de responsabilidad |
/ Fundación Juan March ; diseño Adela Morán |
| 260 ## - PUBLICACIÓN, DISTRIBUCIÓN |
| Lugar de publicación |
Madrid : Fundación Juan March |
| Fecha de publicación |
, 2017 |
| 300 ## - DESCRIPCIÓN FÍSICA |
| Alcance |
1 plegable [6] p. |
| Dimensiones |
/ 23 cm. |
| 500 ## - NOTA GENERAL |
| Nota general |
El plegable incluye obras y listado de las mismas y equivale al programa de mano de la Exposición\ Artista nacido en España y desde muy niño fue llevado a Buenos Aires, lugar en donde desarrolló su vida y obra \ Exposición realizada en: Museu Fundación Juan March, Palma, Mallorca entre el 1 de febrero y el 20 de mayo de 2017 \ El centro de documentación incluye versión en inglés del mismo catálogo, consultarlo con clasificación: PSP00 S84e1 |
| 600 00 - ENTRADA DE SUJETO AÑADIDO - NOMBRE PERSONAL |
| Nombre de la persona |
LISA, ESTEBAN, 18951983/ |
| Subdivisión general |
TRABAJOS PICTORICOS |
| 650 14 - ENTRADA DE SUJETO AÑADIDO - TÉRMINO TÓPICO |
| Término tópico o elemento de entrada del nombre geográfico |
PINTURA ABSTRACTA ESPAÑOLA |
| 650 14 - ENTRADA DE SUJETO AÑADIDO - TÉRMINO TÓPICO |
| Término tópico o elemento de entrada del nombre geográfico |
ARTE ABSTRACTO ARGENTINO |
| 650 14 - ENTRADA DE SUJETO AÑADIDO - TÉRMINO TÓPICO |
| Término tópico o elemento de entrada del nombre geográfico |
ARTE ABSTRACTO ESPAÑOL |
| 650 14 - ENTRADA DE SUJETO AÑADIDO - TÉRMINO TÓPICO |
| Término tópico o elemento de entrada del nombre geográfico |
ARTISTAS PLASTICOS ESPAÑOLES CRITICA E INTERPRETACION |
| 650 14 - ENTRADA DE SUJETO AÑADIDO - TÉRMINO TÓPICO |
| Subdivisión general |
CATALOGOS |
| 650 14 - ENTRADA DE SUJETO AÑADIDO - TÉRMINO TÓPICO |
| Término tópico o elemento de entrada del nombre geográfico |
ENSAYOS, CONFERENCIAS, ETC |
| 650 14 - ENTRADA DE SUJETO AÑADIDO - TÉRMINO TÓPICO |
| Subdivisión general |
EXPOSICIONES |
| 650 14 - ENTRADA DE SUJETO AÑADIDO - TÉRMINO TÓPICO |
| Término tópico o elemento de entrada del nombre geográfico |
PINTURA ABSTRACTA ARGENTINA |